000 00290nam a2200121Ia 4500
005 20251222144900.0
008 251222s9999||||xx |||||||||||||| ||spa||
082 _a421.52/A75
100 _aArnold, L.M.
245 4 _aThe Wolf and the Seven Little Kids
264 _bMacmillan
942 _cLIB
999 _c21959
_d21959